000 01086nam a2200277 i 4500
001 106547
003 ES-MaACL
005 20250811101605.0
007 t|
008 061129s1977 sp ||||1| spa d
080 _a730 Medina, José Luis (083.82)
100 1 _aMedina, José Luis.
_979699
245 1 0 _aJosé Luis Medina
_b: [exposición, Sala de Santa Catalina del Ateneo de Madrid, abril de 1977] /
_c[texto: A. M. Campoy].
260 _aMadrid :
_bAteneo de Madrid,
_c1977.
300 _a[12] p. :
_bil. ;
_c25 cm.
490 1 _aAteneo de Madrid. Sala de Santa Catalina ;
_v20
600 1 4 _aMedina, José Luis-
_vExposiciones.
_979700
610 2 7 _aAteneo de Madrid-
_vExposiciones-
_y1970-1979.
_91921
655 7 _2tgfbne
_9193628
_aCatálogos de exposiciones
700 1 _aCampoy, A. M.,
_d1924-1993
_934292
710 2 _aAteneo de Madrid.
_bSala de Santa Catalina.
_91964
830 0 0 _aAteneo de Madrid.
_pSala de Santa Catalina
_v20
_9185232
852 _aES-MaACL
_j2209-F-40
_9110598
_bR.138287
_cDEPOF
942 _2udc
_cFOLLETOS
999 _c106547
_d106547